000 00307nam a2200121Ia 4500
005 20260326235442.0
008 260326s9999||||xx |||||||||||||| ||und||
100 _aDíaz Uribe, Bernardo
245 0 _aPerspectiva /
_cBernardo Díaz Uribe
260 _bUniversidad de los Andes
300 _a75 p.
942 _cBK
999 _c7449
_d7449